Česko zjednocuje názov, Slovensko remodeluje

Do konca júna t. r. bolo 56 predajní Hypernova v susednom Česku premenovaných na Albert hypermarket. Na Slovensku firma remodeluje s cieľom zefektívniť predaj. Hypernovy sa zmenšujú.

Salvato in:
Dettagli Bibliografici
Autore principale: Hinková-Dibarborová, Andrea
Natura: Capitolo di libro
Lingua:slovacco
Soggetti:
Tags: Aggiungi Tag
Nessun Tag, puoi essere il primo ad aggiungerne!!

MARC

LEADER 00000naa$a2200000$$$4500
001 0098726
005 20231128094139.9
041 0 |a slo 
044 |a SK 
245 1 0 |a Česko zjednocuje názov, Slovensko remodeluje  |c Andrea Hinková-Dibarborová 
520 |a Do konca júna t. r. bolo 56 predajní Hypernova v susednom Česku premenovaných na Albert hypermarket. Na Slovensku firma remodeluje s cieľom zefektívniť predaj. Hypernovy sa zmenšujú. 
610 2 0 |a reťazce obchodné 
610 2 0 |a Česko 
610 2 0 |a Slovensko 
100 1 |a Hinková-Dibarborová, Andrea